O statistice na VŠE
Krátky súhrn výsledkov diskusie na tému Aktuálne otázky dnešnej českej štatistiky, ktorá sa konala na VŠE v Prahe v máji 1993.
Guardado en:
| Autor principal: | |
|---|---|
| Formato: | Capítulo de libro |
| Lenguaje: | checo |
| Materias: | |
| Etiquetas: |
Sin Etiquetas, Sea el primero en etiquetar este registro!
|
MARC
| LEADER | 00000naa a2200000 4500 | ||
|---|---|---|---|
| 001 | r014415 | ||
| 005 | 20220405133338.1 | ||
| 041 | 0 | |a cze | |
| 044 | |a CZ | ||
| 245 | 1 | 0 | |a O statistice na VŠE |c Stanislava Hronová |
| 520 | |a Krátky súhrn výsledkov diskusie na tému Aktuálne otázky dnešnej českej štatistiky, ktorá sa konala na VŠE v Prahe v máji 1993. | ||
| 610 | 2 | 0 | |a Vysoká škola ekonomická v Prahe |
| 610 | 2 | 0 | |a štatistika |
| 610 | 2 | 0 | |a Česko |
| 610 | 2 | 0 | |a diskusia |
| 100 | 1 | |a Hronová, Stanislava | |